000 00419 a2200169 4500
001 187941
020 _a978-85-359-1626-3
040 _cMagnum
100 _aLarsson, Stieg
240 1 0 _aOs homens que não amavam as mulheres
_lpor
245 1 0 _aOs homens que não amavam as mulheres
300 _a522
362 0 _a2008
440 1 _aCompanhia das Letras
697 _aLITERATURA GERAL ESTRANGEIRA
942 _cBK
999 _c187941
_d187941